Central Library OPAC University of Rajshahi

The course of Russian history / (Record no. 64268)

MARC details
000 -LEADER
fixed length control field 00627cam a2200229 4500
001 - CONTROL NUMBER
control field 64268
003 - CONTROL NUMBER IDENTIFIER
rucl marc code BD-RjUL
005 - DATE AND TIME OF LATEST TRANSACTION
control field 20211209081304.0
008 - FIXED-LENGTH DATA ELEMENTS--GENERAL INFORMATION
fixed length control field 170212s1968 nyua 001 0 eng
035 ## - SYSTEM CONTROL NUMBER
System control number (BD-RjUL)64398
040 ## - CATALOGING SOURCE
Original cataloging agency DLC
Transcribing agency DLC
Modifying agency BD-RjUL
Language of cataloging eng
041 ## - LANGUAGE CODE
Language code of text/sound track or separate title eng
082 ## - DEWEY DECIMAL CLASSIFICATION NUMBER
Classification number 947
Edition number 23
Author mark and year WRC 1968
100 1# - MAIN ENTRY--PERSONAL NAME
Personal name Wren, Melvin C.
9 (RLIN) 190857
245 15 - TITLE STATEMENT
Title The course of Russian history /
Statement of responsibility, etc. Melvin C. Wren.
250 ## - EDITION STATEMENT
Edition statement 3d ed.
260 ## - PUBLICATION, DISTRIBUTION, ETC. (IMPRINT)
Place of publication, distribution, etc. New York,:
Name of publisher, distributor, etc. Macmillan,
Date of publication, distribution, etc. c1968
300 ## - PHYSICAL DESCRIPTION
Pagination x, 750 p. :
Illustrations ill. ;
Size 26 cm.
504 ## - BIBLIOGRAPHY, ETC. NOTE
Bibliography, etc Includes bibliography
651 ## - SUBJECT ADDED ENTRY--GEOGRAPHIC NAME
Geographic name Soviet Union
General subdivision History
9 (RLIN) 189588
942 ## - ADDED ENTRY ELEMENTS (KOHA)
Source of classification or shelving scheme Dewey Decimal Classification
Koha item type Books
Holdings
Lost status Source of classification or shelving scheme Damaged status Not for loan Collection code Permanent Location Current Location Shelving location Date acquired Source of acquisition Cost, normal purchase price Total Checkouts Full call number Date last seen Copy number Koha item type
  Dewey Decimal Classification   Not For Loan Non-fiction Central Library, University of Rajshahi Central Library, University of Rajshahi Reading Room 23/07/1973 Bangladesh. Newage 89.55   947 WRC 1968 12/03/2017 C-1 Books